Fast Typing Foods - Statistics

General Stats
  • This quiz has been taken 1,249 times
  • The average score is 12 of 12
Answer Stats
Hint Answer % Correct
Cheese Cheese
100%
Steak Steak
99%
Bread Bread
98%
Cucumber Cucumber
98%
Pickle Pickle
98%
Sausage Sausage
98%
Cabbage Cabbage
97%
Hamburger Hamburger
97%
Pepperoni Pepperoni
96%
Pinapple Pinapple
93%
Lettuce Lettuce
92%
Broccoli Broccoli
89%
No matching quizzes found
Score Distribution
Percent of People with Each Score
Percentile by Number Answered
Your Score History
You have not taken this quiz